Statistiques concernant Le classement général du Tour de France 2017 (par nationalité)

Cliquez ici pour prendre le quiz!

Statistiques générales

  • Ce quiz a été pris 581 fois
  • Le résultat moyen est 18 sur 20

Statistiques - réponses

ClassementPays% Correct
3eFrance (Bardet)
100%
10eFrance (Barguil)
100%
16eFrance (Feillu)
100%
13eFrance (Vuillermoz)
100%
1erRoyaume-Uni (Froome)
98%
7eRoyaume-Uni (Yates)
98%
9eEspagne (Contador)
97%
4eEspagne (Landa)
97%
14eEspagne (Nieve)
97%
5eItalie (Aru)
95%
11eItalie (Caruso)
95%
18eColombie (Betancur)
93%
12eColombie (Quintana)
93%
2eColombie (Uran)
93%
20eBelgique (Benoot)
83%
19eBelgique (Pauwels)
83%
17ePays-Bas (Mollema)
82%
15eAllemagne (Buchmann)
80%
6eIrlande (Martin)
64%
8eAfrique du Sud (Meintjes)
44%

Distribution des résultats

Percentile par nombre de réponses

% des personnes avec chaque résultat

Votre développement - résultats

Vous n’avez pas pris ce quiz